| 000 | 00701nam a2200217 a 4500 | ||
|---|---|---|---|
| 005 | 20220622063558.0 | ||
| 008 | 090618s2005 br r 000 0 spa d | ||
| 020 | _a8506040973 | ||
| 035 | _aUPN01000171258 | ||
| 049 | _aI | ||
| 050 | 4 |
_aPZ84.9 _bB3.3 |
|
| 100 | 1 |
_aBandeira de Luna Filho, Pedro, _d1942- _934538 |
|
| 245 | 1 | 3 |
_aLa ballenita / _cPedro Bandeira ; tr. Lourdes Fuentes ; il. Cárcamo. |
| 260 |
_aSan Pablo, Br. : _bMelhoramentos, _c2005. |
||
| 300 |
_a23 p. : _bil. col. |
||
| 440 | 0 | _aHistorias de ecología | |
| 650 | 4 |
_aCUENTOS INFANTILES BRASILEÑOS _912222 |
|
| 650 | 0 |
_aAnimales _vCuentos y leyendas _9234 |
|
| 650 | 4 |
_aBALLENAS - _vLITERATURA JUVENIL _98652 |
|
| 905 | _aInfantil | ||
| 999 |
_c143363 _d143363 |
||